书目信息 |
| 题名: |
农村沼气实用技术
|
|
| 作者: | 徐延熙 , 袁长波 , 赵敏 著 | |
| 分册: | ||
| 出版信息: | 北京 中国农业科学技术出版社 2016 |
|
| 页数: | 250页 | |
| 开本: | 21cm | |
| 丛书名: | ||
| 单 册: | ||
| 中图分类: | S216.4 | |
| 科图分类: | ||
| 主题词: | 农村--Nong Cun--沼气利用 | |
| 电子资源: | ||
| ISBN: | 978-7-5116-2243-3 | |
| 000 | 01006nam0 2200277 450 | |
| 001 | 1672809453 | |
| 005 | 20150914192230.0 | |
| 010 | @a978-7-5116-2243-3@dCNY28.00 | |
| 100 | @a20160118d2016 em y0chiy0120 ea | |
| 101 | 0 | @achi |
| 102 | @aCN@b110000 | |
| 105 | @aak z 000yy | |
| 106 | @ar | |
| 200 | 1 | @a农村沼气实用技术@ANong Cun Zhao Qi Shi Yong Ji Shu@f徐延熙, 袁长波, 赵敏著 |
| 210 | @a北京@c中国农业科学技术出版社@d2016 | |
| 215 | @a250页@c图@d21cm | |
| 330 | @a本书通过对于沼气技术的基础知识、应用环境和实际用途等方面的研究,介绍了农村常见沼气的实用方面,既具有实用价值,又适合在农村广泛推广,读者适用面广,对新农村建设和农村环境改造等具有现实意义。 | |
| 333 | @a从事农村沼气工作的各级管理干部 | |
| 510 | 1 | @aPractical technology of rural biogas@zeng |
| 606 | 0 | @a农村@ANong Cun@x沼气利用 |
| 690 | @aS216.4@v5 | |
| 701 | 0 | @a徐延熙@AXu Yan Xi@4著 |
| 701 | 0 | @a袁长波@AYuan Chang Bo@4著 |
| 701 | 0 | @a赵敏@AZhao Min@4著 |
| 801 | 0 | @aCN@b江苏新华@c20150511 |
| 905 | @aBZT@dS216.4@e3 | |
| 农村沼气实用技术/徐延熙, 袁长波, 赵敏著.-北京:中国农业科学技术出版社,2016 |
| 250页:图;21cm |
| 使用对象:从事农村沼气工作的各级管理干部 |
| ISBN 978-7-5116-2243-3:CNY28.00 |
| 本书通过对于沼气技术的基础知识、应用环境和实际用途等方面的研究,介绍了农村常见沼气的实用方面,既具有实用价值,又适合在农村广泛推广,读者适用面广,对新农村建设和农村环境改造等具有现实意义。 |
| ● |
| 相关链接 |
|
|
|
正题名:农村沼气实用技术
索取号:S216.4/3
 
预约/预借
| 序号 | 登录号 | 条形码 | 馆藏地/架位号 | 状态 | 备注 |
| 1 | 798220 | 2000798220 | 第二书库/ [索取号:S216.4/3] | 在馆 | |
| 2 | 798221 | 2000798221 | 第二书库/ [索取号:S216.4/3] | 在馆 | |
| 3 | 798222 | 2000798222 | 第二书库/ [索取号:S216.4/3] | 在馆 |